La estrategia del océano azul : cómo crear un indiscutible espacio en el mercado y hacer irrelevante a la competencia /

Estudio que plantea revertir la estrategia basada en la competencia a través de la creación de nuevos mecanismos inteligentes para vencerla, y que los autores desarrollan en tres apartados: 1. La estrategia del océano azul: 2. Formulación de la estrategia del océano azul; 3. Ejecución de la estrateg...

Descrición completa

Gardado en:
Detalles Bibliográficos
Autor Principal: Kim, W. Chan (autor)
Outros autores: Mauborgne, Renée (autor) (autor)
Formato: Libro
Idioma:Lingua castelá
Publicado: México : Norma, 2016, c2015
Series:(Gerencia Norma)
Temas:
Etiquetas: Engadir etiqueta
Sen Etiquetas, Sexa o primeiro en etiquetar este rexistro!

MARC

LEADER 00000nam^a2200000^a^4500
001 000390454
005 20250521000000.0
009 20260310121148.986
020 |a 978-607-13-0460-5 
037 |a Acervo ITESO - Biblioteca 
041 |a ESP 
082 |a 658. 4012  |b KIM 
100 |a Kim, W. Chan  |e (autor) 
240 1 4 |a [La estrategia del océano azul] 
245 1 3 |a La estrategia del océano azul :  |b cómo crear un indiscutible espacio en el mercado y hacer irrelevante a la competencia /  |c W.C. Kim, R. Mauborgne ; tr. por Adriana de Hassan, Guillermo Vallacrés Cárdenas. 
264 4 |a México :  |b Norma,  |c 2016, c2015 
300 |a 387 p. 
336 |a texto  |b txt  |2 rdacontenido 
337 |a sin mediación  |b n  |2 rdamedio 
338 |a volumen  |b nc  |2 rdasoporte 
440 1 |a (Gerencia Norma) 
500 |a Traducción de: Blue Ocean Strategy. How to Create Uncontested Market Space and Make the Competition Irrelevant 
520 |a Estudio que plantea revertir la estrategia basada en la competencia a través de la creación de nuevos mecanismos inteligentes para vencerla, y que los autores desarrollan en tres apartados: 1. La estrategia del océano azul: 2. Formulación de la estrategia del océano azul; 3. Ejecución de la estrategia del océano azul. 
521 |a Peticiones 2017 
649 |a XX 
650 |a Estrategia en los Negocios -  |x Tema Principal 
650 |a Estrategia Mercadotécnica -  |x Tema Principal 
650 |a Competencia (Economía) -  |x Tema Principal 
650 |a Exito Administrativo 
650 |a Mercadotecnia 
650 |a Proceso Administrativo -  |x Dirección 
650 |a Empresas -  |x Administración 
650 |a Ciencias Administrativas 
700 |a Mauborgne, Renée  |e (autor) 
910 |a Fondo General 
920 |a Impresos - Libros 
930 |a Colección General 
905 |a 101 
901 |a 0500285154  |b IT1  |c ACC  |i C154252  |u 20250521 
902 |a https://opac.biblio.iteso.mx/vufind/Record/000390454